| 000 | 01315cam a2200361 a 4500 | ||
|---|---|---|---|
| 001 | 3268306 | ||
| 003 | OSt | ||
| 005 | 20210416053957.0 | ||
| 008 | 820715r19801969oncaf b 000 0 eng | ||
| 010 | _a 81166366 | ||
| 015 | _aC*** | ||
| 020 | _a0802064353 (pbk.) | ||
| 040 |
_aDLC _cDLC _dDLC |
||
| 050 | 0 | 0 |
_aZ105 _b.U4 1980 |
| 080 |
_a811 _bU-38 |
||
| 082 | 0 | 0 |
_a411/.7 _219 |
| 100 | 1 |
_aUllman, B. L. _q(Berthold Louis), _d1882-1965. |
|
| 245 | 1 | 0 |
_aAncient writing and its influence / _cB.L. Ullman ; introduction by Julian Brown. |
| 260 |
_aToronto ; _aBuffalo : _bUniversity of Toronto Press in association with the Medieval Academy of America, _cc1980. |
||
| 300 |
_axviii, 240 p., [16] p. of plates : _bill. ; _c21 cm. |
||
| 440 | 0 |
_aMedieval Academy reprints for teaching ; _v10 |
|
| 500 | _a"Originally published by Longmans, Green and Co., New York 1932 ... This edition reprinted from the 1969 edition"--T.p. verso. | ||
| 504 | _aBibliography: p. 231-240. | ||
| 650 | 0 | _aPaleography. | |
| 650 | 0 | _aAlphabet. | |
| 650 | 0 |
_aLinguistics _9445 |
|
| 650 | 0 |
_aWriting _xHistory. |
|
| 653 | _aლინგვისტიკა | ||
| 653 | _aდამწერლობა | ||
| 700 | 1 |
_aBrown, T. Julian _q(Thomas Julian) |
|
| 906 |
_a7 _bcbc _corignew _d3 _encip _f19 _gy-gencatlg |
||
| 942 |
_2udc _cBK |
||
| 999 |
_c124 _d124 |
||